Public finance (Record no. 159436)

MARC details
000 -LEADER
fixed length control field 00553nam a2200229Ia 4500
003 - CONTROL NUMBER IDENTIFIER
control field OSt
005 - DATE AND TIME OF LATEST TRANSACTION
control field 20230417113826.0
008 - FIXED-LENGTH DATA ELEMENTS--GENERAL INFORMATION
fixed length control field 210423s2010 xx 000 0 und d
020 ## - INTERNATIONAL STANDARD BOOK NUMBER
International Standard Book Number 9788127266530
040 ## - CATALOGING SOURCE
Transcribing agency AL
041 ## - LANGUAGE CODE
Language code of text/sound track or separate title eng
082 ## - DEWEY DECIMAL CLASSIFICATION NUMBER
Classification number 336 LEKR
Edition number 23
100 ## - MAIN ENTRY--PERSONAL NAME
Personal name LEKHI (R K)
9 (RLIN) 89295
245 ## - TITLE STATEMENT
Title Public finance
260 ## - PUBLICATION, DISTRIBUTION, ETC.
Place of publication, distribution, etc. New Delhi
Name of publisher, distributor, etc. Kalyani Publishers
Date of publication, distribution, etc. 2010
300 ## - PHYSICAL DESCRIPTION
Extent viii,350
Other physical details PB
365 ## - TRADE PRICE
Price amount 375
Currency code INR
650 ## - SUBJECT ADDED ENTRY--TOPICAL TERM
Topical term or geographic name entry element Economics
9 (RLIN) 89296
650 ## - SUBJECT ADDED ENTRY--TOPICAL TERM
Topical term or geographic name entry element Public Finance
9 (RLIN) 89297
906 ## - LOCAL DATA ELEMENT F, LDF (RLIN)
a finance ; Public
942 ## - ADDED ENTRY ELEMENTS (KOHA)
Source of classification or shelving scheme Dewey Decimal Classification
Koha item type Book
Holdings
Withdrawn status Lost status Damaged status Not for loan Collection code Home library Current library Date acquired Source of acquisition Cost, normal purchase price Total Checkouts Total Renewals Full call number Barcode Date last seen Date last checked out Price effective from Koha item type
        Economics St Aloysius PG Library St Aloysius PG Library 07/04/2011 Athulya Books 375.00 14 1 336 LEKR PG005914 03/05/2026 02/28/2026 04/26/2021 Book